000 01182cam a2200349 a 4500
001 11977815
003 OSt
005 20140310184453.0
008 000418r20011970nyu b 000 1 eng
010 _a 00032044
020 _a043936745X
040 _aDLC
_cDLC
_dDLC
042 _alcac
050 0 0 _aPZ 7
_b.H959 1970
100 1 _aHurd, Edith Thacher,
_d1910-
_96472
245 1 0 _aJohnny Lion's bad day /
_cEdith Thacher Hurd ; pictures by Clement Hurd.
250 _aNew ed.
260 _aNew York :
_bHarperCollins Publishers,
_c1970.
300 _a64 p. :
_bcol. ill. ;
_c22 cm.
440 3 _aAn I can read book
_93940
521 _aG1
526 _c200
650 1 _aLion
_vFiction.
_96473
650 1 _aAnimals
_xInfancy
_vFiction.
_96474
650 1 _aSick
_vFiction.
_96475
700 1 _aHurd, Clement,
_d1908-
_eill.
_96476
856 4 2 _3Publisher description
_uhttp://www.loc.gov/catdir/description/hc043/00032044.html
906 _a7
_bcbc
_corignew
_d1
_eocip
_f20
_gy-gencatlg
942 _2lcc
_cBK-SCHOLAS
999 _c34606
_d34606